Schaum's outline of theory and problems of electric circuits (Record no. 15876)

000 -LEADER
fixed length control field 00535nam a22001937a 4500
001 - CONTROL NUMBER
control field 15876
003 - CONTROL NUMBER IDENTIFIER
control field BD-DhUET
008 - FIXED-LENGTH DATA ELEMENTS--GENERAL INFORMATION
fixed length control field 150316b xxu||||| |||| 00| 0 eng d
040 ## - CATALOGING SOURCE
Original cataloging agency DLC
Transcribing agency DLC
Modifying agency BD-DhUET
082 ## - DEWEY DECIMAL CLASSIFICATION NUMBER
Classification number 623.01
Item number EDM/1965
100 ## - MAIN ENTRY--PERSONAL NAME
Personal name Edminister, Joseph A.
245 ## - TITLE STATEMENT
Title Schaum's outline of theory and problems of electric circuits
250 ## - EDITION STATEMENT
Edition statement 1st ed.
260 ## - PUBLICATION, DISTRIBUTION, ETC. (IMPRINT)
Place of publication, distribution, etc. New York
Name of publisher, distributor, etc. McGraw-Hill Book
Date of publication, distribution, etc. 1965
300 ## - PHYSICAL DESCRIPTION
Extent 289p.
490 ## - SERIES STATEMENT
Series statement Schaum's outline series
650 #0 - SUBJECT ADDED ENTRY--TOPICAL TERM
Topical term or geographic name as entry element Circuits : Electric : Engineering
942 ## - ADDED ENTRY ELEMENTS (KOHA)
Koha item type General Book
Holdings
Koha full call number Price effective from Piece designation (barcode) Shelving location Not for loan Location (home branch) Sublocation or collection (holding branch) Koha normalized classification for sorting Date acquired Damaged status Source of classification or shelving scheme Koha date last seen Copy number Withdrawn status Lost status Koha item type
623.01/EDM/19652015-03-1614804Circulation section Central Library, BUETCentral Library, BUET623_010000000000000_EDM_19652015-03-16  2015-03-161  General Book
623.01/EDM/19652015-03-1636080Circulation section Central Library, BUETCentral Library, BUET623_010000000000000_EDM_19652015-03-16  2015-03-162  General Book
623.01/EDM/19652015-04-259603Circulation section Central Library, BUETCentral Library, BUET623_010000000000000_EDM_19652015-04-25  2015-04-253  General Book
623.01/EDM/19652015-04-259604Circulation section Central Library, BUETCentral Library, BUET623_010000000000000_EDM_19652015-04-25  2015-04-254  General Book
623.01/EDM/19652015-04-2514806Circulation section Central Library, BUETCentral Library, BUET623_010000000000000_EDM_19652015-04-25  2015-04-255  General Book
623.01/EDM/19652015-06-2914808Reading section Central Library, BUETCentral Library, BUET623_010000000000000_EDM_19652015-06-29  2015-06-296  Reading Item
623.01/EDM/19652015-07-029606Reading section Central Library, BUETCentral Library, BUET623_010000000000000_EDM_19652015-07-02  2015-07-027  Reading Item